الصراع العربي الإسرائيلي = (Record no. 24897)
[ view plain ]
| 000 -الفاتح | |
|---|---|
| حقل البيانات ثابتة الطول | 00861nam a22002415a 4500 |
| 003 - محدد رقم الضبط | |
| رقم الضبط | OSt |
| 005 - وقت وتاريخ اخر تعامل مع التسجيلة | |
| رقم الضبط | 20180118132719.0 |
| 008 - عناصر البيانات ثابتة الطول - معلومات عامة | |
| حقل البيانات ثابتة الطول | 170613s2009 ua frb 000 0 ara d |
| 040 ## - مصدر الفهرسة | |
| وكالة الفهرسة الأصلية | EG-ScBUE |
| لغة الفهرسة | ara |
| وكالة النسخ | EG-ScBUE |
| 082 04 - رقم تصنيف ديوى العشرى | |
| رقم التصنيف | 320 |
| رقم المادة | ج و ا |
| رقم الطبعة | 22 |
| 100 1# - المدخل الرئيسى - إسم شخصى | |
| الإسم الشخصى | جوادي، محمد. |
| 240 1# - العنوان الموحد | |
| عنوان موحد | Duoi fratelli rivali. |
| لغة العمل | Arabic |
| 245 12 - بيان العنوان | |
| العنوان | الصراع العربي الإسرائيلي = |
| بقية العنوان | يسبناسينبس : مصر وفلسطين / |
| بيان المسئوليه,etc | إعداد محمد الجوادي. |
| 250 ## - بيان الطبعة | |
| بيان الطبعة | ط. 1، مزيدة ومنقحة. |
| 260 ## - PUBLICATION, DISTRIBUTION, ETC. (IMPRINT) | |
| مكان الناشر او الموزع | [ د. م. : |
| اسم الناشر او الموزع | د. ن.، |
| تاريخ النشر أو التوزيع | 200?] |
| مكان الصناعة | (الجيزة، مصر : |
| المنتج | مطبعة الهرم) |
| 300 ## - الوصف المادى | |
| التعداد | مج. (1-10) ؛ |
| أبعاد الوعاء | 24 سم. + |
| المادة المصاحبة | 1 قرص مليزر. |
| 650 #7 - المدخل الاضافى بالموضوع-مصطلح موضوعى | |
| مصدر الرأس أو المصطلح | BUEsh |
| 650 #7 - المدخل الاضافى بالموضوع-مصطلح موضوعى | |
| مصدر الرأس أو المصطلح | BUEsh |
| 651 #7 - المدخل الاضافى بالموضوع - اسم جغرافى | |
| مصدر الرأس أو المصطلح | BUEsh |
| 653 ## - مصطلح تكشيفى غير مقيد | |
| Resource For college | BAEPS, Political Science |
| Arrived date list | June2017 |
| 700 1# - المدخل الاضافى - اسم شخصى | |
| الإسم الشخصى | محمود، محمد، |
| الدور | مراجع، |
| -- | مترجم. |
| 942 ## - عناصر المدخل الإضافي( كوها) | |
| مصدر التصنيف او مخطط الترفيف | Dewey Decimal Classification |
No items available.